LEADER 01262nam--2200349---450- 001 990002092810203316 005 20100922092310.0 035 $a000209281 035 $aUSA01000209281 035 $a(ALEPH)000209281USA01 035 $a000209281 100 $a20041019d1965----km-y0itay0103----ba 101 0 $aita 102 $aIT 105 $a||||||||001yy 200 1 $a<> intermediari finanziari e la politica della moneta e del credito$el'esperienza italiana (1947-1963)$fOnorato Castellino 210 $aTorino$cGiappichelli$d1965 215 $a173 p.$d25 cm 225 2 $aUniversitą di Torino, Facoltą di economia ecommercio, Istituto di economia politica G.Prato$v15 410 0$12001$aUniversitą di Torino, Facoltą di economia ecommercio, Istituto di economia politica G.Prato$v15 454 1$12001 461 1$1001-------$12001 700 1$aCASTELLINO,$bOnorato$028860 801 0$aIT$bsalbc$gISBD 912 $a990002092810203316 951 $a334 CAS 1 (X 24 III 15)$b717 G.$cX 24 III$d00290161 959 $aBK 969 $aGIU 979 $aSIAV5$b10$c20041019$lUSA01$h1642 979 $aRSIAV2$b90$c20100922$lUSA01$h0923 996 $aIntermediari finanziari e la politica della moneta e del credito$9515703 997 $aUNISA LEADER 01748nas 2200529-a 450 001 996219446503316 005 20200911054338.4 011 $a2190-541X 035 $a(DE-599)ZDB2605470-X 035 $a(OCoLC)732360986 035 $a(CKB)2550000000015549 035 $a(CONSER)--2011263151 035 $a(EXLCZ)992550000000015549 100 $a20110622b20112012 --- - 101 0 $aeng 135 $aur||||||||||| 181 $ctxt$2rdacontent 182 $cc$2rdamedia 183 $acr$2rdacarrier 200 00$aMicroform & digitization review 210 $a[Berlin] ;$a[New York] $c[Walter De Gruyter & Co.]$d©2011-©2012 300 $a"Preservation and access issues for cultural heritage institutions." 311 $a2190-0752 517 1 $aMicroform and digitization review 517 1 $aMDR 606 $aMicroforms$vPeriodicals 606 $aImage processing$vPeriodicals 606 $aImage processing$xEquipment and supplies$vPeriodicals 606 $aImaging systems$vPeriodicals 606 $aImage processing$2fast$3(OCoLC)fst00967501 606 $aImage processing$xEquipment and supplies$2fast$3(OCoLC)fst00967520 606 $aImaging systems$2fast$3(OCoLC)fst00967605 606 $aMicroforms$2fast$3(OCoLC)fst01019844 608 $aPeriodicals.$2fast 615 0$aMicroforms 615 0$aImage processing 615 0$aImage processing$xEquipment and supplies 615 0$aImaging systems 615 7$aImage processing. 615 7$aImage processing$xEquipment and supplies. 615 7$aImaging systems. 615 7$aMicroforms. 676 $a025.179 906 $aJOURNAL 912 $a996219446503316 996 $aMicroform & digitization review$92577223 997 $aUNISA LEADER 01434nam2-2200421---450 001 990005757650203316 005 20190403125029.0 035 $a000575765 035 $aUSA01000575765 035 $a(ALEPH)000575765USA01 035 $a000575765 100 $a20080306d1978----|||y0itaa50------ba 101 $aita 102 $ait 105 $a0 00||| 200 1 $a<<4: Le >> contraddizioni dello stato moderno$ela dialettica e-dello stato$fHenri Lefebvre$gnota finale di Mario Spinella 205 $aBari : Dedalo$b1978 210 $a315 p.$a22 cm 215 $aTrad. di: Le contradictions de l'etat moderne$cla dialectique et/de l'etat. 225 2 $a<> Scienza nuova$v50 410 0$12001$a<> Scienza nuova$v50 454 $1001SA0025061$12001$a<> contradictions de l'etat moderne$ela dialectique et-de l'etat$fHenri Lefebvre.$919550 461 0$1001000574969$12001$a<> Stato$v4 606 $aSTATO$xTEORIE$2F 620 $dBARI 676 $a320.101 700 1$aLEFEBVRE,$bHenri$032295 702 1$aSPINELLA,$bMario$f<1918-1994> 801 0$aIT$bSA$c20111219 912 $a990005757650203316 950 0$aDipar.to di Filosofia - Salerno$dDFCC 320.101 LEF$e1854 FIL 951 $aCC 320.101 LEF$b1854 FIL 959 $aBK 969 $aFIL 979 $c20121027$lUSA01$h1526 979 $c20121027$lUSA01$h1615 996 $aContradictions de l'etat moderne$919550 997 $aUNISA